<?xml version="1.0" encoding="UTF-8"?>
<record
    xmlns:xsi="http://www.w3.org/2001/XMLSchema-instance"
    xsi:schemaLocation="http://www.loc.gov/MARC21/slim http://www.loc.gov/standards/marcxml/schema/MARC21slim.xsd"
    xmlns="http://www.loc.gov/MARC21/slim">

  <leader>00637cam a22002055i 4500</leader>
  <datafield tag="999" ind1=" " ind2=" ">
    <subfield code="c">57720</subfield>
    <subfield code="d">57720</subfield>
  </datafield>
  <controlfield tag="001">20604770</controlfield>
  <controlfield tag="005">20201006135043.0</controlfield>
  <controlfield tag="008">180727s2018    ctu           000 0 eng  </controlfield>
  <datafield tag="010" ind1=" " ind2=" ">
    <subfield code="a">  2018953243</subfield>
  </datafield>
  <datafield tag="020" ind1=" " ind2=" ">
    <subfield code="a">9780300230048</subfield>
  </datafield>
  <datafield tag="041" ind1=" " ind2=" ">
    <subfield code="a">eng</subfield>
  </datafield>
  <datafield tag="042" ind1=" " ind2=" ">
    <subfield code="a">pcc</subfield>
  </datafield>
  <datafield tag="080" ind1=" " ind2=" ">
    <subfield code="a">94 L-20</subfield>
  </datafield>
  <datafield tag="100" ind1="1" ind2=" ">
    <subfield code="a">Lambert, Andrew.</subfield>
    <subfield code="9">9602</subfield>
  </datafield>
  <datafield tag="245" ind1="1" ind2="0">
    <subfield code="a">Seapower states :</subfield>
    <subfield code="b">maritime culture, continental empires and the conflict that made the modern world /</subfield>
    <subfield code="c">Andrew Lambert.</subfield>
  </datafield>
  <datafield tag="264" ind1=" " ind2="1">
    <subfield code="a">New Haven, CT :</subfield>
    <subfield code="b">YUP New Haven and London,</subfield>
    <subfield code="c">2018.</subfield>
  </datafield>
  <datafield tag="300" ind1=" " ind2=" ">
    <subfield code="a">399 p.</subfield>
    <subfield code="b">22 cm.</subfield>
  </datafield>
  <datafield tag="653" ind1=" " ind2=" ">
    <subfield code="a">&#x10E1;&#x10D0;&#x10D6;&#x10E6;&#x10D5;&#x10D0;&#x10DD; &#x10D8;&#x10E1;&#x10E2;&#x10DD;&#x10E0;&#x10D8;&#x10D0;</subfield>
  </datafield>
  <datafield tag="942" ind1=" " ind2=" ">
    <subfield code="2">udc</subfield>
    <subfield code="c">BK</subfield>
  </datafield>
  <datafield tag="952" ind1=" " ind2=" ">
    <subfield code="0">0</subfield>
    <subfield code="1">0</subfield>
    <subfield code="2">udc</subfield>
    <subfield code="4">0</subfield>
    <subfield code="6">94_L20</subfield>
    <subfield code="7">0</subfield>
    <subfield code="9">89574</subfield>
    <subfield code="a">CPL</subfield>
    <subfield code="b">CPL</subfield>
    <subfield code="c">GEN</subfield>
    <subfield code="d">2020-10-06</subfield>
    <subfield code="g">46.00</subfield>
    <subfield code="o">94 L-20</subfield>
    <subfield code="p">61044</subfield>
    <subfield code="r">2020-10-06</subfield>
    <subfield code="t">61044</subfield>
    <subfield code="w">2020-10-06</subfield>
    <subfield code="y">BK</subfield>
    <subfield code="z">46 &#x10DA;. 20 &#x10D7;.</subfield>
  </datafield>
</record>
